[Event "Bad Griesbach Seniors op 2nd"]
[Site "Bad Griesbach"]
[Date "1999.11.27"]
[Round "7"]
[White "Gerhardt, Karl Heinz"]
[Black "Mehlhorn, Dieter"]
[Result "1/2-1/2"]
[WhiteElo "1934"]
[BlackElo "1828"]
[PlyCount "36"]
[EventDate "1999.11.21"]
[EventType "swiss"]
[EventRounds "7"]
[EventCountry "GER"]
[SourceTitle "EXT 2007"]
[Source "ChessBase"]
[SourceDate "2006.11.23"]
[SourceVersion "1"]
[SourceVersionDate "2006.11.23"]
[SourceQuality "1"]

1. e4 c6 2. d4 d5 3. Nc3 dxe4 4. Nxe4 Bf5 5. Ng3 Bg6 6. Nf3 Nd7 7. Be2 h6 8. 0-0 e6 9. Re1 Be7 10. c4 Ngf6 11. Bf1 0-0 12. Bd2 Qc7 13. Bc3 Rfe8 14. Bd3 Bxd3 15. Qxd3 Rad8 16. Qc2 Bd6 17. Ne5 Nf8 18. Rad1 N6h7 1/2-1/2